Crepusculario: poemas 1920-1923

Zapisane w:
Opis bibliograficzny
1. autor: Neruda, Pablo (autor)
Format: Książka
Język:hiszpański
Wydane: Buenos Aires Losada 1971
Wydanie:4a. ed
Seria:Biblioteca breve. Poesía, 400
Hasła przedmiotowe:
Etykiety: Dodaj etykietę
Nie ma etykietki, Dołącz pierwszą etykiete!

MARC

LEADER 00000nam a2200000 a 4500
001 UCH6381
003 CL-VaPUC
008 091109e19710000AG |||||||||||||||||spa|d
082 0 4 |a Ch861  |b NER  |2 21 
100 |a Neruda, Pablo  |e autor  |9 306531 
245 1 0 |a Crepusculario: poemas 1920-1923 
250 |a 4a. ed 
300 |a 109 p 
942 |c BK 
945 |d 20091109 00:00:00  |a lazolas 
260 |a Buenos Aires  |b Losada  |c 1971 
650 0 |a Poesías chilenas   |9 265280 
650 0 |a Prosa chilena   |9 267787 
650 0 |a Literatura chilena   |9 308278 
650 0 |a Formas y géneros literarios  |9 324031 
583 |a last modification  |c 20091109 00:00:00  |k Rodrigo Vera 
490 0 |a Biblioteca breve. Poesía, 400 
999 |c 337283  |d 337281